Revolution in world missions / (Record no. 5564)

MARC details
000 -LEADER
fixed length control field 00734cam a2200253Ia 4500
001 - CONTROL NUMBER
control field 33293105
003 - CONTROL NUMBER IDENTIFIER
control field OSt
005 - DATE AND TIME OF LATEST TRANSACTION
control field 20190107183454.0
008 - FIXED-LENGTH DATA ELEMENTS--GENERAL INFORMATION
fixed length control field 990426s1992 flu b 000 0 eng d
010 ## - LIBRARY OF CONGRESS CONTROL NUMBER
LC control number 86072775
020 ## - INTERNATIONAL STANDARD BOOK NUMBER
International Standard Book Number 0884192636 (pbk.)
035 ## - SYSTEM CONTROL NUMBER
System control number tcgc267154
040 ## - CATALOGING SOURCE
Original cataloging agency SDL
Transcribing agency SDL
Modifying agency PBE
-- NWQ
-- TSM
082 ## - DEWEY DECIMAL CLASSIFICATION NUMBER
Classification number 266
Item number Y54r
090 ## - LOCALLY ASSIGNED LC-TYPE CALL NUMBER (OCLC); LOCAL CALL NUMBER (RLIN)
Classification number (OCLC) (R) ; Classification number, CALL (RLIN) (NR) BV2061
Local cutter number (OCLC) ; Book number/undivided call number, CALL (RLIN) .Y64 1992
092 ## - LOCALLY ASSIGNED DEWEY CALL NUMBER (OCLC)
Classification number 266
Item number Yo7r 1992
100 1# - MAIN ENTRY--PERSONAL NAME
Personal name Yohannan, K. P.
245 10 - TITLE STATEMENT
Title Revolution in world missions /
Statement of responsibility, etc. K.P. Yohannan ; foreword by David and Karen Mains.
260 ## - PUBLICATION, DISTRIBUTION, ETC.
Place of publication, distribution, etc. Altamonte Springs, FL :
Name of publisher, distributor, etc. Creation House,
Date of publication, distribution, etc. c1992.
300 ## - PHYSICAL DESCRIPTION
Extent 287 p. ;
Dimensions 18 cm.
504 ## - BIBLIOGRAPHY, ETC. NOTE
Bibliography, etc. note Includes bibliographical references (p. 285-287).
650 #0 - SUBJECT ADDED ENTRY--TOPICAL TERM
Topical term or geographic name entry element Missions.
942 ## - ADDED ENTRY ELEMENTS (KOHA)
Source of classification or shelving scheme Dewey Decimal Classification
Koha item type Books
Holdings
Withdrawn status Lost status Source of classification or shelving scheme Damaged status Not for loan Collection code Home library Current library Shelving location Date acquired Cost, normal purchase price Total Checkouts Full call number Barcode Date last seen Price effective from Koha item type
    Dewey Decimal Classification     Non-fiction Harvest Mission College Harvest Mission College General Stacks 07.01.2019 120.00   266 Y54r 006313 07.01.2019 07.01.2019 Books

OPAC Designed and Maintained by HMC Library Team.
Copyright © HMC Library,Greater Noida, UP.
For any Suggestions/Query Contact library via Email:libhmc@gmail.com